Top 10 3B entering the 2026 MLB season - Statistics

General Stats
  • This quiz has been taken 104 times
  • The average score is 9 of 10
Answer Stats
Rank Team Answer % Correct
5. Padres Manny Machado
100%
1. Guardians Jose Ramirez
97%
3. Cubs Alex Bregman
95%
2. Dodgers Max Muncy
92%
6. Rays Junior Caminero
89%
4. Giants Matt Chapman
84%
10 Braves Austin Riley
82%
7. Mets Bo Bichette
81%
8. Astros Isaac Paredes
69%
9. Reds Eugenio Suarez
66%
No matching quizzes found
Score Distribution
Percent of People with Each Score
Percentile by Number Answered
Your Score History
You have not taken this quiz